Name the 5 Reichs - Statistics

General Stats
  • This quiz has been taken 78 times
  • The average score is 4 of 5
Answer Stats
Answer % Correct
3 Nazi Germany
95%
2 German Empire
92%
1 Holy Roman Empire
91%
5 Federal Republic of Germany
75%
4 Divided Germany
66%
No matching quizzes found
Score Distribution
Percent of People with Each Score
Percentile by Number Answered
Your Score History
You have not taken this quiz